[Event "Palma de Mallorca op 4th"]
[Site "Palma de Mallorca"]
[Date "2009.11.25"]
[Round "6"]
[White "Rybenko, Ksenia"]
[Black "Pogorelov, Ruslan"]
[Result "1/2-1/2"]
[WhiteElo "2254"]
[BlackElo "2469"]
[PlyCount "114"]
[EventDate "2009.11.21"]
[EventType "swiss"]
[EventRounds "9"]
[EventCountry "ESP"]
[SourceTitle "EXT 2011"]
[Source "ChessBase"]
[SourceDate "2010.11.26"]
[SourceVersion "1"]
[SourceVersionDate "2010.11.26"]
[SourceQuality "1"]

1. g3 c5 2. Bg2 Nc6 3. d3 g6 4. Nf3 Bg7 5. 0-0 e6 6. e4 Nge7 7. Re1 d5 8. e5 h6 9. h4 b6 10. c3 Qc7 11. Bf4 a5 12. Na3 Ba6 13. Nc2 g5 14. hxg5 hxg5 15. Bxg5 Nxe5 16. Nxe5 Bxe5 17. Bxe7 Kxe7 18. Ne3 Kf8 19. Ng4 Bg7 20. f4 Re8 21. Qf3 f5 22. Ne5 Bxe5 23. Rxe5 Re7 24. Rae1 Bc8 25. g4 fxg4 26. Qg3 Rhh7 27. Qxg4 Reg7 28. Rg5 Rxg5 29. Qxg5 Qe7 30. Qe5 Rg7 31. Qb8 Qc7 32. Qxc7 Rxc7 33. Bh3 Kf7 34. Re5 Kf6 35. Rh5 Rg7+ 36. Kf2 Bd7 37. c4 d4 38. Rh8 Ke7 39. Rb8 Rh7 40. Kg3 Rg7+ 41. Kf3 Bc6+ 42. Kf2 Rh7 43. Rxb6 Rxh3 44. Rxc6 Rxd3 45. Rxc5 Rd2+ 46. Kf3 Rxb2 47. Rxa5 d3 48. Ke3 d2 49. Ke2 d1Q+ 50. Kxd1 Rf2 51. f5 exf5 52. Re5+ Kd6 53. Rd5+ Kc6 54. a4 Rf4 55. a5 Rxc4 56. Rxf5 Rc5 57. Rxc5+ Kxc5 1/2-1/2

[Event "Aegean op 30th"]
[Site "Aghios Kirykos"]
[Date "2007.07.13"]
[Round "8"]
[White "Rybenko, Ksenia"]
[Black "Singleton, Michael Peter F"]
[Result "1/2-1/2"]
[WhiteElo "2245"]
[BlackElo "2188"]
[PlyCount "64"]
[EventDate "2007.07.07"]
[EventType "swiss"]
[EventRounds "9"]
[EventCountry "GRE"]
[SourceTitle "EXT 2024"]
[Source "ChessBase"]
[SourceDate "2023.10.10"]
[SourceVersion "1"]
[SourceVersionDate "2023.10.10"]
[SourceQuality "1"]

1. e4 c5 2. Nf3 Nc6 3. Bb5 g6 4. 0-0 Bg7 5. c3 Nf6 6. Qe2 0-0 7. h3 d5 8. Bxc6 bxc6 9. e5 Ne8 10. d3 Nc7 11. Nbd2 Ne6 12. Nb3 Ba6 13. c4 Qc7 14. Re1 Rae8 15. Ng5 Nd4 16. Nxd4 cxd4 17. cxd5 cxd5 18. Nf3 Qb6 19. b3 f6 20. Bb2 fxe5 21. Nxe5 Rf5 22. Nd7 Qd6 23. g4 Rf7 24. Ne5 Rf4 25. f3 Ref8 26. Rac1 Bxe5 27. Qxe5 Qxe5 28. Rxe5 Rxf3 29. Rxe7 Rg3+ 30. Kh2 Rff3 31. Rcc7 Rxh3+ 32. Kg2 Rhg3+ 1/2-1/2

[Event "EU-ch (Women) 8th"]
[Site "Dresden"]
[Date "2007.04.14"]
[Round "11"]
[White "Zdebskaja, Natalia"]
[Black "Rybenko, Ksenia"]
[Result "1/2-1/2"]
[WhiteElo "2291"]
[BlackElo "2239"]
[PlyCount "61"]
[EventDate "2007.04.03"]
[EventType "swiss"]
[EventRounds "11"]
[EventCountry "GER"]
[SourceTitle "CBM 117 Extra"]
[Source "ChessBase"]
[SourceDate "2007.05.09"]
[SourceVersion "1"]
[SourceVersionDate "2007.05.09"]
[SourceQuality "1"]

1. e4 c5 2. Nf3 Nc6 3. Nc3 e5 4. Bc4 d6 5. d3 Be7 6. Nd2 Nf6 7. Nf1 Nd7 8. Ne3 Nb6 9. 0-0 0-0 10. Ncd5 Bg5 11. c3 Bxe3 12. Bxe3 Nxd5 13. Bxd5 Be6 14. Bc4 b6 15. Qf3 Qe7 16. Qg3 f5 17. Bxe6+ Qxe6 18. f4 Rad8 19. exf5 Rxf5 20. fxe5 dxe5 21. Bg5 Rd7 22. a3 Qg6 23. Qg4 Rdf7 24. Rxf5 Rxf5 25. Qc4+ Qf7 26. Qe4 Rxg5 27. Qxc6 g6 28. Re1 Kg7 29. Qe4 Qe7 30. Re3 h5 31. Rf3 1/2-1/2

[Event "EU-ch (Women) 8th"]
[Site "Dresden"]
[Date "2007.04.13"]
[Round "10"]
[White "Rybenko, Ksenia"]
[Black "Von Herman, Brigitte"]
[Result "1-0"]
[WhiteElo "2239"]
[BlackElo "2070"]
[PlyCount "91"]
[EventDate "2007.04.03"]
[EventType "swiss"]
[EventRounds "11"]
[EventCountry "GER"]
[SourceTitle "CBM 117 Extra"]
[Source "ChessBase"]
[SourceDate "2007.05.09"]
[SourceVersion "1"]
[SourceVersionDate "2007.05.09"]
[SourceQuality "1"]

1. e4 e5 2. Nf3 Nc6 3. Bb5 a6 4. Ba4 Nf6 5. Qe2 b5 6. Bb3 Bc5 7. c3 0-0 8. d3 d5 9. Bg5 dxe4 10. dxe4 h6 11. Bh4 Qd6 12. Nbd2 Ne7 13. 0-0-0 Ng6 14. g3 Ng4 15. Bd5 Be6 16. Nb3 Qb6 17. Nxc5 Qxc5 18. Bxa8 Rxa8 19. Rd2 Bxa2 20. h3 Bc4 21. Qe1 Nxh4 22. Nxh4 Nf6 23. Nf5 a5 24. Qe3 Qxe3 25. Nxe3 Nxe4 26. Nxc4 bxc4 27. Rd7 Nxf2 28. Rf1 Nd3+ 29. Kc2 Rb8 30. Rfxf7 Rxb2+ 31. Kd1 Nf2+ 32. Ke1 Nd3+ 33. Kf1 e4 34. Rxg7+ Kh8 35. Rge7 Rb1+ 36. Ke2 Rb8 37. Rh7+ Kg8 38. Rdg7+ Kf8 39. Rxc7 Kg8 40. Rcg7+ Kf8 41. Ra7 Kg8 42. Rxh6 Rb1 43. Rg6+ Kf8 44. Ke3 Ne5 45. Rf6+ Kg8 46. Kxe4 1-0

[Event "EU-ch (Women) 8th"]
[Site "Dresden"]
[Date "2007.04.09"]
[Round "7"]
[White "Movsesian, Julia"]
[Black "Rybenko, Ksenia"]
[Result "1-0"]
[WhiteElo "2332"]
[BlackElo "2239"]
[PlyCount "49"]
[EventDate "2007.04.03"]
[EventType "swiss"]
[EventRounds "11"]
[EventCountry "GER"]
[SourceTitle "CBM 117 Extra"]
[Source "ChessBase"]
[SourceDate "2007.05.09"]
[SourceVersion "1"]
[SourceVersionDate "2007.05.09"]
[SourceQuality "1"]

1. e4 c5 2. a3 Nc6 3. b4 cxb4 4. axb4 Nxb4 5. c3 Nc6 6. d4 d5 7. exd5 Qxd5 8. Na3 Bd7 9. Nf3 Rc8 10. Bc4 Qe4+ 11. Be3 e6 12. 0-0 Bxa3 13. Rxa3 Nge7 14. Bd3 Qg4 15. Qb1 b6 16. c4 Nf5 17. d5 Nfd4 18. Bxd4 Nxd4 19. Ne5 Ne2+ 20. Bxe2 Qxe2 21. Nxd7 Rc7 22. dxe6 fxe6 23. Qb5 Ke7 24. Re3 Qxc4 25. Qg5+ 1-0

[Event "EU-ch (Women) 8th"]
[Site "Dresden"]
[Date "2007.04.08"]
[Round "6"]
[White "Rybenko, Ksenia"]
[Black "Lanchava, Tea"]
[Result "0-1"]
[WhiteElo "2239"]
[BlackElo "2392"]
[PlyCount "84"]
[EventDate "2007.04.03"]
[EventType "swiss"]
[EventRounds "11"]
[EventCountry "GER"]
[SourceTitle "CBM 117 Extra"]
[Source "ChessBase"]
[SourceDate "2007.05.09"]
[SourceVersion "1"]
[SourceVersionDate "2007.05.09"]
[SourceQuality "1"]

1. e4 g6 2. d4 Bg7 3. Nf3 d6 4. c3 Nf6 5. Bd3 0-0 6. 0-0 Nc6 7. Re1 e5 8. h3 Nd7 9. Bg5 Qe8 10. Be3 a6 11. Qd2 f6 12. a4 Kh8 13. Na3 f5 14. exf5 gxf5 15. Bh6 e4 16. Bxg7+ Kxg7 17. Bf1 Qh5 18. Nh2 Nf6 19. d5 Ne5 20. Nc2 Bd7 21. c4 Qg6 22. Nd4 Nh5 23. Be2 Kh8 24. Bxh5 Qxh5 25. f3 Qg6 26. Qc3 Rg8 27. Re2 Rg7 28. Rf1 h5 29. fxe4 fxe4 30. Rf4 e3 31. Qxe3 Nxc4 32. Qe4 Rag8 33. Qxg6 Rxg6 34. Ne6 Ne3 35. Rxe3 Rxg2+ 36. Kf1 Rg1+ 37. Ke2 R8g2+ 38. Rf2 Bxa4 39. Nd4 Bd1+ 40. Kd3 Rxf2 41. Nhf3 Bxf3 42. Nxf3 Rg3 0-1

[Event "Nuremberg LGA Cup 2nd"]
[Site "Nuremberg"]
[Date "2005.09.11"]
[Round "6.15"]
[White "Grimberg, Boris"]
[Black "Rybenko, Ksenia"]
[Result "1-0"]
[WhiteElo "2159"]
[BlackElo "2006"]
[PlyCount "79"]
[EventDate "2005.09.08"]
[EventType "swiss"]
[EventRounds "7"]
[EventCountry "GER"]
[SourceTitle "EXT 2022"]
[Source "ChessBase"]
[SourceDate "2021.10.06"]
[SourceVersion "1"]
[SourceVersionDate "2021.10.06"]
[SourceQuality "1"]

1. d4 Nf6 2. Nf3 g6 3. c4 Bg7 4. g3 0-0 5. Bg2 d6 6. Nc3 c6 7. 0-0 Qb6 8. e4 Na6 9. Qe2 Bg4 10. Be3 Qa5 11. h3 Bxf3 12. Bxf3 e5 13. d5 cxd5 14. exd5 Ne8 15. a3 f5 16. b4 Qd8 17. Rac1 g5 18. g4 f4 19. Bd2 Nf6 20. Ne4 Nxe4 21. Qxe4 Rc8 22. Rc2 Rf6 23. Rfc1 Bf8 24. Bc3 Rh6 25. Kg2 b6 26. Bb2 Nb8 27. c5 dxc5 28. Qxe5 Nd7 29. Qh8+ Kf7 30. d6 Nf6 31. bxc5 bxc5 32. d7 Qxd7 33. Rd1 Bd6 34. Rxd6 Rxh8 35. Rxd7+ Nxd7 36. Bxh8 Ra6 37. Bb2 Ke7 38. Be4 h6 39. Bf5 Rd6 40. Bxd7 1-0

[Event "Dieren op"]
[Site "Dieren"]
[Date "2004.08.03"]
[Round "7"]
[White "Van Kerkhof, David"]
[Black "Rybenko, Ksenia"]
[Result "0-1"]
[WhiteElo "2173"]
[BlackElo "2248"]
[PlyCount "62"]
[EventDate "2004.07.27"]
[EventType "swiss"]
[EventRounds "9"]
[EventCountry "NED"]
[SourceTitle "CBM 101 Extra"]
[Source "ChessBase"]
[SourceDate "2004.09.01"]
[SourceVersion "2"]
[SourceVersionDate "2004.09.01"]
[SourceQuality "1"]

1. e4 c5 2. Nf3 Nc6 3. d4 cxd4 4. Nxd4 Nf6 5. Nc3 e5 6. Ndb5 d6 7. Nd5 Nxd5 8. exd5 Nb8 9. c4 Be7 10. Bd3 0-0 11. 0-0 f5 12. f3 Nd7 13. Be3 a6 14. Nc3 Bg5 15. Bf2 Nf6 16. b4 Nh5 17. Na4 Bh4 18. g3 Qg5 19. Kh1 Nxg3+ 20. hxg3 Bxg3 21. Bxg3 Qxg3 22. Qe2 e4 23. Bc2 exf3 24. Rxf3 Qh4+ 25. Qh2 Qxc4 26. Nb6 Qd4 27. Rg1 Qxb6 28. Rxg7+ Kxg7 29. Rg3+ Kh8 30. Bxf5 Rxf5 31. Qb2+ Re5 0-1

[Event "Dieren op"]
[Site "Dieren"]
[Date "2004.07.30"]
[Round "4"]
[White "Rybenko, Ksenia"]
[Black "Van Geffen, Ben"]
[Result "1-0"]
[WhiteElo "2248"]
[BlackElo "2177"]
[PlyCount "83"]
[EventDate "2004.07.27"]
[EventType "swiss"]
[EventRounds "9"]
[EventCountry "NED"]
[SourceTitle "CBM 101 Extra"]
[Source "ChessBase"]
[SourceDate "2004.09.01"]
[SourceVersion "2"]
[SourceVersionDate "2004.09.01"]
[SourceQuality "1"]

1. e4 e5 2. Nf3 Nc6 3. Bb5 a6 4. Ba4 Nf6 5. Qe2 b5 6. Bb3 Be7 7. c3 0-0 8. 0-0 d5 9. d3 d4 10. cxd4 Nxd4 11. Nxd4 Qxd4 12. Be3 Qd6 13. Rc1 Rd8 14. Nd2 Qxd3 15. Qxd3 Rxd3 16. Rxc7 Rd7 17. Rac1 Rxc7 18. Rxc7 Bd7 19. Bg5 Bd6 20. Rb7 Be8 21. Bxf6 gxf6 22. g4 Bc5 23. Nf3 Ra7 24. Rb8 Kf8 25. Nh4 Bd6 26. Rc8 Be7 27. Bd5 Rd7 28. Ra8 Rd8 29. Rxa6 Bd7 30. h3 Rc8 31. Ra7 Be6 32. Nf5 Bxf5 33. gxf5 Rc2 34. b4 Bxb4 35. Rxf7+ Ke8 36. Rxf6 Bc3 37. Rc6 b4 38. f6 Rc1+ 39. Kg2 Bb2 40. f7+ Kf8 41. Rh6 Rc8 42. Rxh7 1-0

[Event "Aosta op 12th"]
[Site "Saint Vincent"]
[Date "2004.02.10"]
[Round "4"]
[White "Rybenko, Ksenia"]
[Black "Ciuksyte, Dagne"]
[Result "0-1"]
[WhiteElo "2242"]
[BlackElo "2392"]
[PlyCount "48"]
[EventDate "2004.02.08"]
[EventType "swiss"]
[EventRounds "9"]
[EventCountry "ITA"]
[SourceTitle "CBM 098 Extra"]
[Source "ChessBase"]
[SourceDate "2004.03.10"]
[SourceVersion "2"]
[SourceVersionDate "2004.03.10"]
[SourceQuality "1"]

1. e4 c5 2. Nf3 e6 3. c3 Nf6 4. e5 Nd5 5. Bc4 d6 6. d4 cxd4 7. cxd4 Nc6 8. 0-0 Be7 9. Qe2 0-0 10. Qe4 Bd7 11. Bd3 f5 12. exf6 Nxf6 13. Qe2 Qa5 14. Nc3 Qh5 15. Bd2 Rae8 16. Ne4 Nxe4 17. Qxe4 d5 18. Qe3 Bd6 19. h3 Bf4 20. Qe1 Bxd2 21. Qxd2 Rxf3 22. gxf3 e5 23. dxe5 Bxh3 24. Rfe1 Rxe5 0-1

[Event "RUS-ch U20 Girls"]
[Site "Essentuki"]
[Date "2003.03.11"]
[Round "9"]
[White "Malysheva, Polina"]
[Black "Rybenko, Ksenia"]
[Result "1/2-1/2"]
[WhiteElo "2137"]
[BlackElo "2287"]
[PlyCount "85"]
[EventDate "2003.03.02"]
[EventType "swiss"]
[EventRounds "11"]
[EventCountry "RUS"]
[SourceTitle "CBM 093 Extra"]
[Source "ChessBase"]
[SourceDate "2003.05.09"]
[SourceVersion "1"]
[SourceVersionDate "2003.05.09"]
[SourceQuality "1"]

1. e4 c5 2. Nf3 Nc6 3. c3 d5 4. exd5 Qxd5 5. d4 Bg4 6. Be2 e6 7. h3 Bh5 8. Be3 cxd4 9. cxd4 Nf6 10. 0-0 Be7 11. Nc3 Qd6 12. a3 0-0 13. Rc1 Rac8 14. Qb3 Rfd8 15. Rfd1 Nd5 16. Nxd5 Qxd5 17. Bc4 Qd6 18. Be2 b6 19. Qa4 Bf6 20. Rc3 Na5 21. Rdc1 Rxc3 22. Rxc3 Bxf3 23. gxf3 e5 24. dxe5 Qxe5 25. Rd3 Rc8 26. Qd7 Qc7 27. b4 Nc4 28. Qxc7 Rxc7 29. Bd4 Kf8 30. Bxf6 gxf6 31. Rc3 b5 32. a4 a6 33. Bxc4 bxc4 34. b5 axb5 35. axb5 Rb7 36. Rxc4 Rxb5 37. Kg2 Rg5+ 38. Rg4 h5 39. Rg3 Ke7 40. Rxg5 fxg5 41. f4 f6 42. fxg5 fxg5 43. h4 1/2-1/2

[Event "RUS-ch U20 Girls"]
[Site "Essentuki"]
[Date "2003.03.10"]
[Round "8"]
[White "Rybenko, Ksenia"]
[Black "Tomilova, Elena"]
[Result "1-0"]
[WhiteElo "2287"]
[BlackElo "2210"]
[PlyCount "141"]
[EventDate "2003.03.02"]
[EventType "swiss"]
[EventRounds "11"]
[EventCountry "RUS"]
[SourceTitle "CBM 093 Extra"]
[Source "ChessBase"]
[SourceDate "2003.05.09"]
[SourceVersion "1"]
[SourceVersionDate "2003.05.09"]
[SourceQuality "1"]

1. e4 e6 2. d3 d5 3. Nd2 Nf6 4. Ngf3 b6 5. g3 Ba6 6. Bg2 dxe4 7. dxe4 Bc5 8. c4 Qd3 9. Qe2 Qxe2+ 10. Kxe2 Bb7 11. Ne5 a5 12. Nd3 Be7 13. b3 Nc6 14. Bb2 0-0-0 15. Rhd1 Nd4+ 16. Bxd4 Rxd4 17. Ne5 Rf8 18. f3 Bd6 19. Nd3 Rd8 20. Nf1 Nd7 21. Ne3 Nc5 22. Nxc5 bxc5 23. Nc2 Rxd1 24. Rxd1 h5 25. Na3 c6 26. f4 f6 27. Bh3 f5 28. exf5 exf5 29. Bxf5+ Kc7 30. h4 Bc8 31. Bxc8 Rxc8 32. Nb1 a4 33. Nc3 axb3 34. axb3 Ra8 35. Na4 Rf8 36. Rd3 Re8+ 37. Kf2 Rf8 38. Nc3 Be7 39. Ne4 Ra8 40. Ng5 Bf6 41. Ne6+ Kb6 42. f5 Ra2+ 43. Kf3 Ra8 44. Nf4 Rh8 45. Rd7 Bb2 46. Ne6 Rg8 47. Rf7 Bc3 48. Nf4 Rh8 49. Re7 Bf6 50. Re6 Kc7 51. Nd3 Bd4 52. Ne5 Bxe5 53. Rxe5 Rb8 54. Re3 Rf8 55. Re7+ Kd6 56. Re6+ Kd7 57. Ke4 Rb8 58. Rg6 Rxb3 59. Rxg7+ Kd6 60. Rg6+ Kd7 61. Ke5 Re3+ 62. Kf6 Re4 63. Rg5 Rxc4 64. Kg7 Rc3 65. f6 Rf3 66. Rxc5 Rxg3+ 67. Kf8 Ke6 68. Rxc6+ Kf5 69. f7 Rf3 70. Kg8 Kg4 71. Rc4+ 1-0

[Event "RUS-ch U20 Girls"]
[Site "Essentuki"]
[Date "2003.03.08"]
[Round "6"]
[White "Rybenko, Ksenia"]
[Black "Novikova, Anna"]
[Result "0-1"]
[WhiteElo "2287"]
[BlackElo "2221"]
[PlyCount "62"]
[EventDate "2003.03.02"]
[EventType "swiss"]
[EventRounds "11"]
[EventCountry "RUS"]
[SourceTitle "CBM 093 Extra"]
[Source "ChessBase"]
[SourceDate "2003.05.09"]
[SourceVersion "1"]
[SourceVersionDate "2003.05.09"]
[SourceQuality "1"]

1. e4 e6 2. d3 d5 3. Nd2 c5 4. Ngf3 Nc6 5. g3 Bd6 6. Bg2 Nge7 7. 0-0 0-0 8. Nh4 Rb8 9. f4 f6 10. f5 dxe4 11. dxe4 b5 12. Qg4 Ne5 13. Qh3 exf5 14. exf5 g5 15. g4 gxh4 16. Qxh4 Bb7 17. Bxb7 Rxb7 18. Ne4 N7c6 19. Bh6 Nd4 20. Qh5 Ndf3+ 21. Kg2 Rff7 22. Rad1 Rbd7 23. Rxf3 Nxf3 24. Kxf3 Be5 25. Re1 Rd1 26. Re2 Qd5 27. Kf2 Qd4+ 28. Kg2 Qg1+ 29. Kf3 Rf1+ 30. Rf2 Qh1+ 31. Ke2 Re1+ 0-1

[Event "RUS-ch U20 Girls"]
[Site "Essentuki"]
[Date "2003.03.05"]
[Round "4"]
[White "Bronnikova, Elizaveta"]
[Black "Rybenko, Ksenia"]
[Result "0-1"]
[WhiteElo "2238"]
[BlackElo "2287"]
[PlyCount "100"]
[EventDate "2003.03.02"]
[EventType "swiss"]
[EventRounds "11"]
[EventCountry "RUS"]
[SourceTitle "CBM 093 Extra"]
[Source "ChessBase"]
[SourceDate "2003.05.09"]
[SourceVersion "1"]
[SourceVersionDate "2003.05.09"]
[SourceQuality "1"]

1. e4 c5 2. Nf3 Nc6 3. d4 cxd4 4. Nxd4 Nf6 5. Nc3 e5 6. Ndb5 d6 7. Nd5 Nxd5 8. exd5 Nb8 9. c4 Be7 10. Be2 0-0 11. 0-0 f5 12. f4 a6 13. Nc3 Bf6 14. Kh1 Nd7 15. Qc2 g6 16. Bd2 Re8 17. Rfe1 Nc5 18. b4 Ne4 19. Nxe4 fxe4 20. Rad1 Bf5 21. g4 Bd7 22. c5 Qc8 23. g5 Bg7 24. Rf1 Bh3 25. Rf2 exf4 26. Rxf4 Be5 27. Rh4 Bf5 28. Be3 a5 29. b5 dxc5 30. d6 b6 31. Bc4+ Kg7 32. Qf2 Rh8 33. Bf4 Qe8 34. d7 Qe7 35. Bxe5+ Qxe5 36. Rd5 Qc3 37. Kg2 Rad8 38. Bb3 Qf3+ 39. Qxf3 exf3+ 40. Kxf3 Rxd7 41. Kf4 Rf8 42. Rxd7+ Bxd7+ 43. Ke5 Bxb5 44. Kd6 Rc8 45. Be6 Rc6+ 46. Kd7 c4 47. Bd5 Rc5+ 48. Kd6 c3 49. Re4 c2 50. Re7+ Kh8 0-1